| 000 | 00841cab a2200241 4500 | ||
|---|---|---|---|
| 001 | ABS54844 | ||
| 008 | 090401t1996 xxu||||| |||| 00| 0 eng d | ||
| 035 | _a(Sirsi) u12503 | ||
| 041 | _aeng | ||
| 245 | _aTurner v Stevenage BC | ||
| 260 | _c1996 | ||
| 350 | _a0 | ||
| 490 |
_aEstates Gazette _v[1996] 14 EG 94-97(4) (6/4/96) |
||
| 520 | _aChD 22 November 1995. It was held that the request by the arbitrator for an interim payment, at a rate already agreed by both sides, was not misconduct, did not open himself to bias if only one side paid, and was therefore wholly unobjectionable. | ||
| 650 | _aARBITRATION ACT 1950 S23 | ||
| 650 | _aARBITRATORS | ||
| 650 | _aINTERIM PAYMENTS | ||
| 650 | _aPROFESSIONAL CONDUCT | ||
| 650 | _aTURNER V STEVENAGE BC | ||
| 690 | _aARBITRATION-CASE LAW | ||
| 942 | _n0 | ||
| 948 | _c04/03/1997 | ||
| 999 |
_c7989 _d7989 |
||